[Event "Titled Tuesday intern op 09th Apr Early"]
[Site "Chess.com INT"]
[Date "2024.04.09"]
[Round "2"]
[White "Sai, Han Thiha"]
[Black "Yevchenko, Alexander"]
[Result "1-0"]
[WhiteElo "2123"]
[BlackElo "2276"]
[PlyCount "35"]
[EventDate "2024.04.09"]
[EventType "swiss (blitz)"]
[EventRounds "11"]
[EventCountry "USA"]
[SourceTitle "EXT 2025"]
[Source "ChessBase"]
[SourceDate "2024.10.14"]
[SourceVersion "1"]
[SourceVersionDate "2024.10.14"]
[SourceQuality "1"]

1. Nf3 d5 2. g3 c5 3. Bg2 Nc6 4. d4 e6 5. 0-0 Nf6 6. c4 cxd4 7. Nxd4 Bc5 8. Nb3 Be7 9. Nc3 dxc4 10. Qxd8+ Nxd8 11. Na5 0-0 12. Bf4 Nd7 13. Bc7 Nb6 14. Rfd1 Nd5 15. Bxd5 exd5 16. Nxd5 Bg5 17. f4 Ne6 18. fxg5 1-0

[Event "Titled Tuesday intern op 26th Mar Early"]
[Site "Chess.com INT"]
[Date "2024.03.26"]
[Round "10"]
[White "Zepeda Berlanga, Jan Enrique"]
[Black "Sai, Han Thiha"]
[Result "0-1"]
[WhiteElo "1906"]
[BlackElo "2123"]
[PlyCount "44"]
[EventDate "2024.03.26"]
[EventType "swiss (blitz)"]
[EventRounds "11"]
[EventCountry "USA"]
[SourceTitle "EXT 2025"]
[Source "ChessBase"]
[SourceDate "2024.10.14"]
[SourceVersion "1"]
[SourceVersionDate "2024.10.14"]
[SourceQuality "1"]

1. e4 c6 2. Nc3 d5 3. d4 dxe4 4. Nxe4 Nf6 5. Ng3 h5 6. h4 c5 7. Nf3 Bg4 8. Bb5+ Nc6 9. c3 cxd4 10. Qxd4 Bxf3 11. gxf3 Qxd4 12. cxd4 e6 13. Bd2 Be7 14. f4 g6 15. Bc3 Nd5 16. Rc1 0-0 17. Bd2 Nxd4 18. Be2 Rac8 19. 0-0 Bxh4 20. Bc3 Nxc3 21. bxc3 Bxg3 22. cxd4 Bxf4 0-1